ESSENTIALS OF CARDIOPULMONARY PHYSICAL THERAPY (Record no. 8735)

MARC details
000 -LEADER
fixed length control field 00455nam a22001817a 4500
005 - DATE AND TIME OF LATEST TRANSACTION
control field 20250411131929.0
008 - FIXED-LENGTH DATA ELEMENTS--GENERAL INFORMATION
fixed length control field 250410b |||||||| |||| 00| 0 eng d
020 ## - INTERNATIONAL STANDARD BOOK NUMBER
ISBN 978-0-323-72212-4
041 ## - LANGUAGE CODE
Language code of text/sound track or separate title eng
082 ## - DEWEY DECIMAL CLASSIFICATION NUMBER
Classification number 616.1 HIL-E
100 ## - MAIN ENTRY--AUTHOR NAME
Personal name HILLEGASS, ELLEN
245 ## - TITLE STATEMENT
Title ESSENTIALS OF CARDIOPULMONARY PHYSICAL THERAPY
250 ## - EDITION STATEMENT
Edition statement 5TH ED.2022
260 ## - PUBLICATION, DISTRIBUTION, ETC. (IMPRINT)
Name of publisher ELSEVIER
Year of publication 2022
300 ## - PHYSICAL DESCRIPTION
Number of Pages 822;P
650 ## - SUBJECT ADDED ENTRY--TOPICAL TERM
Topical Term PHYSIOTHERAPY
942 ## - ADDED ENTRY ELEMENTS (KOHA)
Koha item type Books
Holdings
Lost status Damaged status Collection code Home library Current library Shelving location Date acquired Source of acquisition Serial Enumeration / chronology Full call number Accession Number Koha item type
    Reference JRU Library JRU Library SHELF-8-A 09/04/2025 PURCHASE 5TH ED. 616.1 28640 Books